000 00816nas a2200253 4500
001 BR8500316
003 BR-BrBNA
005 20231205090059.0
007 ta
008 230509b bl.|||p| |||| 00| 00por d
040 _aBR-BrBNA
_bpor
_cBiblioteca Nacional de Agricultura
041 _a(Pt)
072 _aH20
100 1 _aReifschneider, F.J.B.
245 1 _aAvaliacao preliminar das doencas de hortalicas na regiao Amazonica [Brasil]
246 1 _a[Preliminary evaluation of diseases affecting vegetables in Amazon region [Brazil]]
650 _aHORTALICA
650 _aFUNGO
650 _aVIRUS
650 _aREGIAO AMAZONICA
773 0 _tHorticultura Brasileira (Brazil)
_xISSN 0102-0536
_g(Nov 1984), v. 2(2) p. 48-49
_wBR8500316
909 _a202311
_bLúcia
_c55
_dLúcia Elande
942 _2AGRIS
_n0
_cANA
999 _c116028
_d116028